[Event "Anti Cheating Blitz Cup"]
[Site "Chess.com INT"]
[Date "2020.05.20"]
[Round "9"]
[White "Correale, Antonio"]
[Black "Reinhard Pinto, Dietmar"]
[Result "1/2-1/2"]
[WhiteElo "1616"]
[BlackElo "1773"]
[PlyCount "113"]
[EventDate "2020.05.20"]
[EventType "swiss (blitz)"]
[EventRounds "11"]
[EventCountry "USA"]
[SourceTitle "CBM 196 Extra"]
[Source "ChessBase"]
[SourceDate "2020.07.31"]
[SourceVersion "1"]
[SourceVersionDate "2020.07.31"]
[SourceQuality "1"]

1. Nf3 Nf6 2. c4 g6 3. Nc3 Bg7 4. g3 d5 5. cxd5 Nxd5 6. Bg2 Nxc3 7. bxc3 Nc6 8. 0-0 0-0 9. Rb1 Rb8 10. Qa4 Bd7 11. Qc2 Bf5 12. e4 Bg4 13. h3 Be6 14. d4 Bc4 15. Re1 b5 16. Nd2 e5 17. Nxc4 bxc4 18. d5 Rxb1 19. Qxb1 Ne7 20. Ba3 Re8 21. Qb7 Nc8 22. Rb1 Nd6 23. Bxd6 cxd6 24. Qxa7 Bf8 25. a4 Qa8 26. Rb7 Qxa7 27. Rxa7 Rb8 28. a5 Rb1+ 29. Kh2 Rb3 30. a6 Rxc3 31. Ra8 Kg7 32. a7 Ra3 33. Rc8 Rxa7 34. Rxc4 Ra2 35. Kg1 f5 36. h4 fxe4 37. Bxe4 Kf6 38. f3 h5 39. Rc8 Bh6 40. Rg8 Be3+ 41. Kf1 Rf2+ 42. Ke1 Rh2 43. Rxg6+ Ke7 44. Rg5 Bxg5 45. hxg5 Kf7 46. Kf1 Kg7 47. Kg1 Rb2 48. Bf5 Kf7 49. g6+ Kf6 50. Be4 Kg7 51. Kf1 Kh6 52. Ke1 Kg7 53. Kf1 Rd2 54. Ke1 Rg2 55. Kf1 Rh2 56. Kg1 Rb2 57. Kf1 1/2-1/2